US Comedy Song Lyrics (1950's to 1980's) - Statistics

General Stats
  • This quiz has been taken 35 times
    29 since last reset
  • The average score is 5 of 10
Answer Stats
Artist Song Lyric Song Title % Correct
Chuck Berry "When I was a little bitty boy My grandmother bought me a cute little toy.." (1972) My Ding-A-Ling
87%
Ray Stevens "Nekked as a jaybird. 'n' I hollered over t'Ethel..." (1974) The Streak
83%
Monty Python "I wear high heels, suspendies and a bra... (1971) Lumberjack Song
78%
Napoleon XIV "And I'll be happy to see those nice young men In their clean white coats..." (1966) They're Coming to Take Me Away, Ha-Haaa!
70%
Weird Al Yankovic "Don't want no Cap'n Crunch, don't want no Raisin Bran..." (1983) Eat It
57%
Allan Sherman "You remember Jeffery Hardy, they're about to organize a searching party..." (1964) Hello Mudduh, Hello Fadduh (A Letter From Camp)
57%
Mac Davis "I can't wait to look in the mirror Cause I get better looking each day..." (1980) It's Hard To Be Humble
30%
Tom Lehrer "All the world seems in tune on a spring afternoon, when we're..." (1960) Poisoning Pigeons in the Park
26%
Stan Freberg "A dragon had been devouring Maidens. Homicide. My job: slay him..." (1953) St George and the Dragonet
13%
Nervous Norvus "But when he saw a girl ape, a-hangin in the breeze, he went..." (1956) Ape Call
9%
No matching quizzes found
Score Distribution
Percent of People with Each Score
Percentile by Number Answered
Your Score History
You have not taken this quiz since the last reset